Settlement tables for centrically loaded, rigid circular footings on multilayered soil systems ; for points on the center line in an elastic, homogeneous, semi-infinite medium /

Bibliographic Details
Main Author: Jumikis, Alfreds R.
Format: Book
Language:English
Published: New Brunswick, N.J. : Bureau of Engineering Research, Rutgers University, 1973.
Series:Engineering research bulletin (New Brunswick, N.J.) ; no. 54.
Subjects:

MARC

Tag First Indicator Second Indicator Subfields
LEADER 00000cam a2200000 4500
001 in00000093188
005 20150925085329.0
008 730326s1973 njua b 00110 eng
010 |a  72091749  
035 |a (OCoLC)00605175 
035 |9 AAL1772AM 
037 |c $1.50 
040 |a DLC  |c DLC  |d TXA  |d UtOrBLW 
049 |a TXAM  |c [1129854] 
050 0 0 |a TA1  |b .R842 no. 54  |a TS710 
082 0 |a 620/.008 s  |a 624/.1513 
100 1 |a Jumikis, Alfreds R. 
245 1 0 |a Settlement tables for centrically loaded, rigid circular footings on multilayered soil systems ;  |b for points on the center line in an elastic, homogeneous, semi-infinite medium /  |c [by] Alfreds R. Jumikis. 
264 1 |a New Brunswick, N.J. :  |b Bureau of Engineering Research, Rutgers University,  |c 1973. 
300 |a vii, 65 pages :  |b illustrations ;  |c 28 cm. 
336 |a text  |b txt  |2 rdacontent 
337 |a unmediated  |b n  |2 rdamedia 
338 |a volume  |b nc  |2 rdacarrier 
490 1 |a Engineering research bulletin no. 54 
504 |a Includes bibliographical references. 
650 0 |a Soil consolidation  |x Tables. 
650 0 |a Foundations  |v Tables. 
830 0 |a Engineering research bulletin (New Brunswick, N.J.) ;  |v no. 54. 
999 |a MARS 
999 f f |s 446dcad3-f5ff-3c88-9e67-c15cf36c7e15  |i efb52b4b-d647-3ef1-bbf7-3f2d1ee6ad44  |t 0 
952 f f |p ric  |a Texas A&M University  |b Rellis Campus  |c Joint Library Facility  |d Remote Storage  |t 0  |e TA1 .R842 no. 54  |h Library of Congress classification  |i unmediated -- volume  |m A14805283715 
998 f f |a TA1 .R842 no. 54  |t 0  |l Remote Storage